African American Authors - Statistics

General Stats
  • This quiz has been taken 96 times
  • The average score is 9 of 17
Answer Stats
Hint Answer % Correct
I Know Why the Caged Bird Sings, The Heart of a Woman Maya Angelou
90%
Beloved, Tar Baby, The Bluest Eye Toni Morrison
81%
Invisible Man, Juneteenth, Three Days Before the Shooting Ralph Ellison
76%
The Color Purple, Meridian, In Love and Trouble: Stories of Black Women Alice Walker
72%
Dreams of my Father, Promised Land Barack Obama
71%
Roots: The Saga of an American Family, The Autobiography of Malcolm X Alex Haley
67%
If Beale Street Could Talk, Go Tell It on the Mountain James Baldwin
64%
Their Eyes Were Watching God, Moses: Man of the Mountain, Zora Neale Hurston
64%
Native Son, Black Boy, Uncle Tom's Children, Black Power Richard Wright
62%
My Bondage and My Freedom Fredrick Douglas
52%
The Souls of Black Folk, Dusk of Dawn, The Negro, Black Folk Then and Now W.E.B. Du Bois
41%
Kindred, Fledgling, The Earthseed Series, Xenogenesis Octavia Butler
31%
The Underground Railroad, Sag Harbor, The Colossus of New York Colson Whitehead
28%
The Ways of White Folks, Not Without Laughter, The Weary Blues Langston Hughes
24%
We Were Eight Years in Power: An American Tragedy, Between the World and Me: Notes on the First 150 Years in America Ta-Nehisi Coates
21%
Women Race and Class, If They Come in the Morning: Voices of Resistance, Women Culture and Politics Angela Davis
19%
Food Health and Happiness, Journey to Beloved, What I Know for Sure Oprah Winfrey
16%
No matching quizzes found
Score Distribution
Percent of People with Each Score
Percentile by Number Answered
Your Score History
You have not taken this quiz